My Chemical Romance Our Lady of Sorrows Lyrics - Statistics

General Stats
  • This quiz has been taken 267 times
  • The average score is 137 of 189
Answer Stats
Answer % Correct
the
95%
We
95%
we
95%
an
93%
be
93%
And
91%
and
91%
you
90%
You
90%
my
88%
fucking
87%
never
84%
your
84%
could
83%
one
83%
one​
83%
take
83%
Take
83%
again
82%
hand
82%
this
81%
This
81%
to
80%
fight
79%
like
79%
afraid
78%
die
78%
perfect
78%
Stand
78%
when
78%
then
77%
last
76%
lovers
76%
see
76%
can
75%
of
75%
Who
75%
let
73%
night
73%
star-crossed
73%
tall
73%
them
73%
up
73%
don't
72%
back
71%
it
71%
settle
70%
we'll
70%
We're
68%
were
68%
me
67%
put
66%
understand
66%
way
65%
affair
64%
If
64%
solve
64%
only
63%
end
62%
got
62%
at
61%
chance
61%
has
61%
mystery
61%
We've
61%
gravity
59%
in
59%
Laceration
59%
Please
59%
said
59%
yellow
59%
not
57%
revenge
56%
would
56%
saint
54%
patron
53%
fights
52%
how
52%
switchblade
52%
celebrities
50%
I'll
50%
Oh
50%
shed
50%
they
50%
words
49%
cross
48%
That
48%
riddle
47%
by
46%
make
46%
head
45%
immortality
44%
Just
44%
think
44%
wrong
44%
dying
43%
for
42%
meant
41%
threes
41%
Trust
41%
hand's
39%
because
37%
throat
37%
around
36%
fade
36%
spark
35%
trade
31%
apparition
30%
No matching quizzes found
Score Distribution
Percent of People with Each Score
Percentile by Number Answered
Your Score History
You have not taken this quiz